00592nam a2200193Ia 4500003000900000008004100009020001800050040001600068080001600084100002400100245012600124250001200250260004500262300001700307650001400324650001900338700001900357700002200376IN-BaIIA211028s9999 xx 000 0 eng d a81-85015-90-2 cIIA Library a620.17bBEC aBeckwith, Thomas G. 0aMechanical measurmentscThomas G. Beckwith, N. Lewis Buck and Roy D. Marangoni  a3rd ed. aNew DelhibNarosa Publishing Housec1987 axviii, 730p. aMachanics aNASA Thesaurus aLewis Buck, N. aMarangoni, Roy D.